000 00388pab a2200157 454500
008 180718b1998 xxu||||| |||| 00| 0 eng d
100 _aSharma, Ritu
245 _aLiberalised politics in India
260 _c1998
300 _ap.40-41
362 _aApr
650 _aIndia - Politics and government
650 _aPolitics and government
773 _aPolitics India
909 _a37250
999 _c37250
_d37250